Tierras vivas / (Registro nro. 7380)
[ vista simple ]
| 000 -LEADER | |
|---|---|
| fixed length control field | 01595nam a22002657a 4500 |
| 003 - CONTROL NUMBER IDENTIFIER | |
| control field | OSt |
| 005 - DATE AND TIME OF LATEST TRANSACTION | |
| control field | 20210301110731.0 |
| 008 - FIXED-LENGTH DATA ELEMENTS--GENERAL INFORMATION | |
| fixed length control field | 210301s1963 mx ||||er|||| 00| 0 spa d |
| 040 ## - CATALOGING SOURCE | |
| Original cataloging agency | CO-JMCR |
| Transcribing agency | CO-JMCR |
| 041 1# - LANGUAGE CODE | |
| Language code of text/sound track or separate title | spa |
| Language code of original | fre |
| 082 04 - DEWEY DECIMAL CLASSIFICATION NUMBER | |
| Classification number | 338.1 / |
| Item number | D893t |
| Edition number | 23 |
| 100 1# - MAIN ENTRY--PERSONAL NAME | |
| Personal name | Dumont, René, |
| Relator term | autor |
| 9 (RLIN) | 13951 |
| 245 10 - TITLE STATEMENT | |
| Title | Tierras vivas / |
| Statement of responsibility, etc. | René Dumont ; traducción de Julieta Campos ; revisada por José Luis de la Loma |
| 250 ## - EDITION STATEMENT | |
| Edition statement | Primera edición |
| 260 ## - PUBLICATION, DISTRIBUTION, ETC. | |
| Place of publication, distribution, etc. | México : |
| Name of publisher, distributor, etc. | Ediciones Era, |
| Date of publication, distribution, etc. | 1963 |
| 300 ## - PHYSICAL DESCRIPTION | |
| Extent | 228 páginas ; |
| Dimensions | 20 cm. |
| 490 0# - SERIES STATEMENT | |
| Series statement | El hombre y sus tiempos |
| 500 ## - GENERAL NOTE | |
| General note | Incluye notas a pie de página |
| 505 0# - FORMATTED CONTENTS NOTE | |
| Formatted contents note | El nordeste brasileño: también el hambre es una esclavitud -- De río al Panamá: en busca de una agricultura -- Venezuela vacila ante la reforma agraria -- Colonialismo interior en Colombia -- Chile, prisionero de sus grandes propietarios -- México: una reforma agraria "frenada" -- Cuba o la reforma agraria -- El sudeste de la India: usura y aparcería -- De Misore a Bengala: alimentar o morir -- La explotación por las castas, o la reforma agraria -- Marruecos debe aprender a merecer sus tractores -- Costa de Marfil, Guinea, Madagascar: problemas de la independencia -- La elección de Israel: diversidad de las estructuras sociales -- Stalinismo persistente en la Rumania de 1956 -- Polonia y la colectivización forzosa |
| 546 ## - LANGUAGE NOTE | |
| Language note | Traducido del francés |
| 650 14 - SUBJECT ADDED ENTRY--TOPICAL TERM | |
| Topical term or geographic name entry element | Agricultura |
| General subdivision | sspectos económicos |
| 9 (RLIN) | 14128 |
| 700 1# - ADDED ENTRY--PERSONAL NAME | |
| Personal name | Campos, Julieta, |
| Relator term | traductora |
| 9 (RLIN) | 14129 |
| 700 1# - ADDED ENTRY--PERSONAL NAME | |
| Personal name | De la Loma, José Luis, |
| Relator term | revisor |
| 9 (RLIN) | 14130 |
| 942 ## - ADDED ENTRY ELEMENTS (KOHA) | |
| Source of classification or shelving scheme | Dewey Decimal Classification |
| Koha item type | Books |
| Withdrawn status | Lost status | Source of classification or shelving scheme | Damaged status | Not for loan | Collection code | Home library | Current library | Date acquired | Source of acquisition | Total Checkouts | Full call number | Barcode | Date last seen | Copy number | Price effective from | Koha item type |
|---|---|---|---|---|---|---|---|---|---|---|---|---|---|---|---|---|
| Dewey Decimal Classification | Non-fiction | Biblioteca Pública José María del Castillo y Rada | Biblioteca Pública José María del Castillo y Rada | 10/02/2020 | Donación | 338.1 / D893t | 201810653 | 05/16/2024 | Ej.1 | 03/01/2021 | Books |